Morza na literę L - Statystyki

Ogólne statystyki
  • Ten quiz został rozwiązany 49 razy
  • Średni wynik to 4 z 6
Statystyki odpowiedzi
Kontynent/Kontynenty Odpowiedź % Poprawnych
Europa Liguryjskie
89%
Ameryka Północna Labradorskie
78%
Afryka Libijskie
76%
Azja Lakkadiwskie
73%
Afryka, Azja, Europa Lewantyńskie
60%
Ameryka Północna Lincolna
58%
Nie znaleziono quizów pasujących do podanych kryteriów
Rozkład punktacji
Procent ludzi z każdym wynikiem
Percentyl według liczby udzielonych odpowiedzi
Twoja historia wyników
Nie rozwiązałeś tego quizu